000
00321nam a2200133Ia 4500
005
20251222152604.0
008
251222s9999||||xx |||||||||||||| ||spa||
020
_a
84844709970
082
_a
808/R92/V.I
245
0
_a
Biblioteca Premios Novel
250
_a
1ra.ed.
264
_b
Ediciones Rueda, J.M, S.A.
942
_c
LIB
999
_c
26714
_d
26714